Asesinato en el campo de golf /

Guardado en:
Autor Principal: Christie, Agatha
Formato: Libro
Publicado: Buenos Aires : Molino, 1980.
Series:Biblioteca de Oro
Materias:
Etiquetas: Agregar Etiqueta
Sin Etiquetas, Sea el primero en etiquetar este registro!
LEADER 00635nam a22002175a 4500
001 CEM.cems020394
008 230829s1980##################000#0#####d
005 20230829090526.0
245 1 0 |a Asesinato en el campo de golf /  |c Agatha Christie 
260 |a Buenos Aires :  |b Molino,  |c 1980. 
300 |a 256 p. 
490 1 |a Biblioteca de Oro 
500 |a Traducido por Guillermo de Boladeres 
020 |a 8427202652 
100 1 |a Christie, Agatha 
082 0 4 |a 823.9 
653 |a Literatura 
653 |a Literatura inglesa 
653 |a Novela 
653 |a Novela policial 
859 |a CEMS  |b BIB. CEMS - 11 de abril  |h 823.9  |i Ch984-11  |p 29050.20  |t Ej.1